000 01353nam a2200313 i 4500
003 EG-GICUC
005 20260121101331.0
008 251122s1999 ua ||||fr|||| 00| 0 ara d
017 _a۲۰۰۰/۳۷۷۷
040 _a EG-GICUC
_bara
_c EG-GICUC
_d EG-GICUC
_erda
041 0 _aara
082 0 4 _221
_a345.3152
_bع ز . ا
092 0 4 _221
099 _aLaw1 07 345.3152 ع ز . ا 1999
100 0 _aعزة علي علي المحجوب
_eمؤلف.
245 1 2 _aالاعتقال الإداري :
_bومدى خضوعه للرقابة القضائية في القانون المصري والمقارن دراسة نظرية تبقي /
_cدكتورة عزة علي علي المحلول.
264 1 _aالقاهرة :
_b[دون دار نشر]،
_c1999.
300 _a458 ؛صفحة
_c24 سم.
336 _2rda content
_atext
337 _2rda media
_aComputer
338 _2rda carrier
_aOnline Resource
504 _aيشتمل على إرجاعات ببليوجرافية.
546 _aالنص أغلبه باللغة العربية مع بعض النصوص الإنجليزية
650 1 4 _aشرعية الضبط الإداري والظروف الاستثنائية
650 1 4 _aالقانون الإداري
856 4 0 _uhttps://fll.law.cu.edu.eg/fulltext/bks/B07-00894.pdf
905 _a32
_eYara
942 _2ddc
_cBK
_e21
_n0
999 _c45281
_d45281